Handbuch der Deutschen Geschichte

Uloženo v:
Podrobná bibliografie
Hlavní autor: Gebhardt, Bruno (Autor)
Médium: Kniha
Jazyk:němčina
Vydáno: Stuttgart Union 1960
Vydání:1a. ed
Témata:
Tagy: Přidat tag
Žádné tagy, Buďte první, kdo vytvoří štítek k tomuto záznamu!

MARC

LEADER 00000cam a2200000 a 4500
001 UCD2933
003 CL-VaPUC
008 160520e19600000gw |||||||||||||||||ger|d
082 0 4 |a 943  |b GEB  |2 21 
100 0 |a Gebhardt, Bruno  |e author  |9 586336 
245 1 0 |a Handbuch der Deutschen Geschichte 
250 |a 1a. ed 
300 |a v 
942 |c BK 
945 |d 20160520 11:34:00  |a dcastane 
260 |a Stuttgart  |b Union  |c 1960 
500 |a v.3: von der Franzosischen revolution bis zum ersten Weltkrieg 
650 0 |a Historia de Alemania  |9 431857 
650 0 |a Revolución francesa  |9 324244 
650 0 |a Primera Guerra Mundial   |9 373283 
583 |a last modification  |c 20160715 09:16:43  |k Rodrigo Vera 
999 |c 364042  |d 364040 
952 |0 0  |1 0  |3 erd  |4 0  |6 943_000000000000000_GEB_1960  |7 0  |8 A  |9 476954  |a FDOHBE  |b FDOHBE  |e Huesbe Llanos, Marco Antonio, 1934-  |h v.3  |i 5303990  |o 943 GEB 1960  |p 5303990  |r 2024-01-30  |w 2019-11-24  |y BK  |z Catalogado en:20160520  |k HBE